|
|
|
|
| LEADER |
03526nam a2200493 a 4500 |
| 001 |
28705 |
| 003 |
BD-DhAAL |
| 005 |
20141218104229.0 |
| 008 |
141218r20082006nyu d 000 1 eng |
| 010 |
|
|
|a 2006012309
|
| 020 |
|
|
|a 0316160199
|
| 020 |
|
|
|a 9781904233886
|
| 020 |
|
|
|a 9780316160193
|
| 035 |
|
|
|a (OCoLC)ocm69104227
|
| 040 |
|
|
|a DLC
|c DLC
|d DLC
|d BD-DhAAL
|
| 042 |
|
|
|a lcac
|
| 050 |
0 |
0 |
|a PZ7.M5717515
|b New 2006
|
| 082 |
0 |
0 |
|a 813/.08738
|2 22
|
| 100 |
1 |
|
|a Meyer, Stephenie,
|d 1973-
|9 6864
|
| 245 |
1 |
0 |
|a New moon /
|c Stephenie Meyer.
|
| 250 |
|
|
|a 1st ed.
|
| 260 |
|
|
|a New York :
|b Little, Brown and Co.;
|b Atom,
|c c2006 [reprinted 2008].
|
| 300 |
|
|
|a 595 p. ;
|c 22 cm.
|
| 500 |
|
|
|a "Megan Tingley books."
|
| 520 |
|
|
|a When the Cullens, including her beloved Edward, leave Forks rather than risk revealing that they are vampires, it is almost too much for eighteen-year-old Bella to bear, but she finds solace in her friend Jacob until he is drawn into a "cult" and changes in terrible ways.
|
| 541 |
|
|
|e 28705
|
| 650 |
|
1 |
|a Vampires
|v Fiction.
|9 6865
|
| 650 |
|
1 |
|a Werewolves
|v Fiction.
|9 6869
|
| 650 |
|
1 |
|a High schools
|v Fiction.
|9 6866
|
| 650 |
|
1 |
|a Schools
|v Fiction.
|9 6870
|
| 651 |
|
1 |
|a Washington (State)
|v Fiction.
|9 6868
|
| 942 |
|
|
|2 ddc
|c BK
|
| 999 |
|
|
|c 33314
|d 33314
|
| 952 |
|
|
|0 0
|1 0
|2 ddc
|4 0
|6 813_087380000000000_MEY
|7 0
|9 44492
|a BRACUL
|b BRACUL
|c GEN
|d 2014-12-18
|e BRAC Institute of Language (BIL)
|l 13
|m 25
|o 813.08738 MEY
|p 3010028705
|r 2026-04-06
|s 2026-02-05
|t 1
|w 2014-12-18
|y BK
|x Transferred from BIL to BRACUL on 06/06/22
|
| 952 |
|
|
|0 0
|1 0
|2 ddc
|4 0
|6 813_000000000000000__08738_MEY
|7 0
|9 60391
|a SCL
|b SCL
|c GEN
|d 2017-04-19
|e Tajin Boi Ghar
|g 80.00
|l 9
|m 34
|o 813.08738 MEY
|p 3020008960
|r 2019-12-08
|s 2019-09-23
|t 2
|w 2017-04-19
|y BK
|
| 952 |
|
|
|0 0
|1 0
|2 ddc
|4 0
|6 813_000000000000000__08738_MEY
|7 0
|9 60392
|a SCL
|b SCL
|c GEN
|d 2017-04-19
|e Tajin Boi Ghar
|g 80.00
|l 9
|m 49
|o 813.08738 MEY
|p 3020008961
|r 2019-10-20
|s 2019-09-22
|t 3
|w 2017-04-19
|y BK
|
| 952 |
|
|
|0 0
|1 0
|2 ddc
|4 0
|6 813_000000000000000__08738_MEY
|7 0
|9 60393
|a SCL
|b SCL
|c GEN
|d 2017-04-19
|e Tajin Boi Ghar
|g 80.00
|l 7
|m 42
|o 813.08738 MEY
|p 3020008962
|r 2019-11-11
|s 2019-09-23
|t 4
|w 2017-04-19
|y BK
|
| 952 |
|
|
|0 0
|1 0
|2 ddc
|4 0
|6 813_000000000000000__08738_MEY
|7 0
|9 60394
|a SCL
|b SCL
|c GEN
|d 2017-04-19
|e Tajin Boi Ghar
|g 80.00
|l 8
|m 36
|o 813.08738 MEY
|p 3020008963
|r 2026-05-07
|s 2026-04-19
|t 5
|w 2017-04-19
|y BK
|
| 952 |
|
|
|0 0
|1 0
|2 ddc
|4 0
|6 813_000000000000000__08738_MEY
|7 0
|9 60395
|a SCL
|b SCL
|c GEN
|d 2017-04-19
|e Tajin Boi Ghar
|g 80.00
|l 7
|m 42
|o 813.08738 MEY
|p 3020008964
|r 2019-11-09
|s 2019-09-28
|t 6
|w 2017-04-19
|y BK
|
| 952 |
|
|
|0 0
|1 0
|2 ddc
|4 0
|6 813_000000000000000__08738_MEY
|7 0
|9 61261
|a SCL
|b SCL
|c GEN
|d 2017-09-14
|e Tajin Boi Ghar
|g 100.00
|l 6
|m 27
|o 813.08738 MEY
|p 3020009338
|r 2019-12-02
|s 2019-09-24
|t 7
|w 2017-09-14
|y BK
|
| 952 |
|
|
|0 0
|1 0
|2 ddc
|4 0
|6 813_000000000000000__08738_MEY
|7 0
|9 61262
|a SCL
|b SCL
|c GEN
|d 2017-09-14
|e Tajin Boi Ghar
|g 100.00
|l 10
|m 35
|o 813.08738 MEY
|p 3020009339
|r 2019-12-06
|s 2019-09-29
|t 8
|w 2017-09-14
|y BK
|
| 952 |
|
|
|0 0
|1 0
|2 ddc
|4 0
|6 813_000000000000000__08738_MEY
|7 0
|9 61263
|a SCL
|b SCL
|c GEN
|d 2017-09-14
|e Tajin Boi Ghar
|g 100.00
|l 8
|m 62
|o 813.08738 MEY
|p 3020009340
|r 2024-06-05
|s 2024-05-28
|t 9
|w 2017-09-14
|y BK
|
| 952 |
|
|
|0 0
|1 0
|2 ddc
|4 0
|6 813_000000000000000__08738_MEY
|7 0
|9 61264
|a SCL
|b SCL
|c GEN
|d 2017-09-14
|e Tajin Boi Ghar
|g 100.00
|l 12
|m 58
|o 813.08738 MEY
|p 3020009341
|r 2025-12-27
|s 2025-10-12
|t 10
|w 2017-09-14
|y BK
|
| 952 |
|
|
|0 0
|1 0
|2 ddc
|4 0
|6 813_000000000000000__08738_MEY
|7 0
|9 61265
|a SCL
|b SCL
|c GEN
|d 2017-09-14
|e Tajin Boi Ghar
|g 100.00
|l 8
|m 36
|o 813.08738 MEY
|p 3020009342
|r 2019-12-06
|s 2019-09-23
|t 11
|w 2017-09-14
|y BK
|